[Event "EU-ch Online U2300 Final"]
[Site "Chess.com INT"]
[Date "2020.05.26"]
[Round "4"]
[White "Ismayilov, Firuz"]
[Black "Dmitrenko, Viktor"]
[Result "0-1"]
[WhiteElo "1590"]
[BlackElo "2456"]
[PlyCount "72"]
[EventDate "2020.05.26"]
[EventType "swiss"]
[EventRounds "8"]
[EventCountry "NET"]
[SourceTitle "CBM 196 Extra"]
[Source "ChessBase"]
[SourceDate "2020.07.31"]
[SourceVersion "1"]
[SourceVersionDate "2020.07.31"]
[SourceQuality "1"]

1. d4 d5 2. Nf3 Nf6 3. c4 c6 4. cxd5 cxd5 5. Nc3 a6 6. Bf4 Nc6 7. e3 e6 8. Bd3 Be7 9. h3 0-0 10. 0-0 Bd7 11. Rc1 b5 12. Ne5 Qb6 13. a3 Rfc8 14. g4 Be8 15. g5 Nd7 16. Nxd7 Bxd7 17. b4 Be8 18. Kg2 a5 19. Nxb5 axb4 20. a4 e5 21. dxe5 Na5 22. e6 Nc4 23. e4 Qxe6 24. Re1 Nb2 25. Qe2 Nxd3 26. Qxd3 Rxc1 27. Bxc1 dxe4 28. Qe3 Qc4 29. Kg1 Rxa4 30. Qxe4 Qxe4 31. Rxe4 Bxb5 32. Rxe7 Ra1 33. Re1 b3 34. Rd1 Kf8 35. Rd5 Rxc1+ 36. Kg2 Bc6 0-1

[Event "EU-ch Online U2300 Final"]
[Site "Chess.com INT"]
[Date "2020.05.26"]
[Round "1"]
[White "Ismayilov, Firuz"]
[Black "Tsomaia, Nikoloz"]
[Result "1-0"]
[WhiteElo "1590"]
[BlackElo "2240"]
[PlyCount "73"]
[EventDate "2020.05.26"]
[EventType "swiss"]
[EventRounds "8"]
[EventCountry "NET"]
[SourceTitle "CBM 196 Extra"]
[Source "ChessBase"]
[SourceDate "2020.07.31"]
[SourceVersion "1"]
[SourceVersionDate "2020.07.31"]
[SourceQuality "1"]

1. d4 Nf6 2. Nf3 g6 3. c4 Bg7 4. Nc3 0-0 5. Bg5 c5 6. e3 d6 7. Be2 Nc6 8. 0-0 Bf5 9. d5 Ne5 10. Nxe5 dxe5 11. Rc1 Ne8 12. e4 Bd7 13. Qd2 Nd6 14. Bh6 f6 15. Bxg7 Kxg7 16. f4 Nf7 17. f5 Nd6 18. fxg6 hxg6 19. b3 Rh8 20. Qe3 a6 21. Qxc5 Rh4 22. Qe3 b6 23. b4 a5 24. c5 axb4 25. cxd6 bxc3 26. dxe7 Qxe7 27. Rxc3 Rxa2 28. Rc7 Qd6 29. Rfc1 Kg8 30. Qg3 g5 31. Bc4 Ra4 32. Bd3 Ra3 33. Qf3 Rf4 34. Qe2 b5 35. g3 Bg4 36. Rc8+ Kg7 37. R1c7+ 1-0

[Event "EU-ch Online U2300 Final"]
[Site "Chess.com INT"]
[Date "2020.05.26"]
[Round "7"]
[White "Tomilova, Elena"]
[Black "Ismayilov, Firuz"]
[Result "1-0"]
[WhiteElo "2353"]
[BlackElo "1590"]
[PlyCount "119"]
[EventDate "2020.05.26"]
[EventType "swiss"]
[EventRounds "8"]
[EventCountry "NET"]
[SourceTitle "CBM 196 Extra"]
[Source "ChessBase"]
[SourceDate "2020.07.31"]
[SourceVersion "1"]
[SourceVersionDate "2020.07.31"]
[SourceQuality "1"]

1. d4 g6 2. e4 Bg7 3. Nc3 Nc6 4. d5 Nd4 5. Nge2 Nxe2 6. Bxe2 d6 7. Be3 Nf6 8. f3 0-0 9. Qd2 c6 10. 0-0-0 cxd5 11. exd5 a6 12. Bh6 b5 13. h4 b4 14. Ne4 Nxe4 15. fxe4 Bxh6 16. Qxh6 f6 17. Kb1 Bd7 18. g4 Rf7 19. Qe3 Qc7 20. g5 Rc8 21. Bd3 Bg4 22. Rdg1 Bh5 23. Rh2 a5 24. Bf1 Qc5 25. Qg3 f5 26. Bh3 Bg4 27. Bxg4 fxg4 28. Qxg4 Kg7 29. Qd1 Rf2 30. Rxf2 Qxf2 31. Rh1 Qg2 32. Re1 Qf2 33. Rh1 Qg2 34. Qd4+ Kg8 35. Rc1 Qe2 36. Qd3 Qf2 37. Qa6 Qc5 38. b3 Rc7 39. Qe2 a4 40. bxa4 Qc3 41. Qd3 Qe5 42. Rf1 Qh2 43. a5 Rc3 44. Qd1 Qxh4 45. a6 Ra3 46. Qe2 Qxg5 47. Qf2 Qf6 48. Qxf6 exf6 49. Rxf6 Rxa6 50. e5 Kg7 51. Kb2 Ra3 52. Rxd6 h5 53. Rd7+ Kh6 54. e6 Re3 55. e7 h4 56. d6 h3 57. Rd8 Kh7 58. e8Q Rxe8 59. Rxe8 g5 60. d7 1-0

[Event "World School-ch U17"]
[Site "Antalya"]
[Date "2019.04.24"]
[Round "7"]
[White "Ismayilov, Firuz"]
[Black "Al Kharusi, Mohammed"]
[Result "1-0"]
[WhiteElo "1648"]
[BlackElo "1419"]
[PlyCount "50"]
[EventDate "2019.04.18"]
[EventType "swiss"]
[EventRounds "9"]
[EventCountry "TUR"]
[SourceTitle "CBM 190 Extra"]
[Source "ChessBase"]
[SourceDate "2019.07.15"]
[SourceVersion "1"]
[SourceVersionDate "2019.07.15"]
[SourceQuality "1"]

1. e4 c5 2. Nf3 d6 3. d4 cxd4 4. Qxd4 Nf6 5. Be2 Nc6 6. Qe3 g6 7. 0-0 Bg7 8. Rd1 0-0 9. h3 Nd7 10. Nc3 b6 11. a3 Bb7 12. Rb1 Rc8 13. Bd2 Nde5 14. b3 Nxf3+ 15. Qxf3 Nd4 16. Qd3 Rxc3 17. Bxc3 Nxe2+ 18. Qxe2 Bxc3 19. Qe3 Qc7 20. b4 e5 21. Rb3 Rc8 22. Qe2 b5 23. Qg4 Qc6 24. Rd3 Bd4 25. c3 Bb6 1-0

[Event "World School-ch U17"]
[Site "Antalya"]
[Date "2019.04.22"]
[Round "5"]
[White "Ismayilov, Firuz"]
[Black "Ozdemir, Serhan Berat"]
[Result "0-1"]
[WhiteElo "1648"]
[BlackElo "1978"]
[PlyCount "82"]
[EventDate "2019.04.18"]
[EventType "swiss"]
[EventRounds "9"]
[EventCountry "TUR"]
[SourceTitle "CBM 190 Extra"]
[Source "ChessBase"]
[SourceDate "2019.07.15"]
[SourceVersion "1"]
[SourceVersionDate "2019.07.15"]
[SourceQuality "1"]

1. d4 Nf6 2. Nf3 e6 3. Bg5 d5 4. e3 b6 5. Bd3 Bb7 6. 0-0 Be7 7. Ne5 0-0 8. Bxf6 Bxf6 9. f4 Nd7 10. Nd2 c5 11. c3 g6 12. Ndf3 Bg7 13. Nxd7 Qxd7 14. Ne5 Qe7 15. Qg4 f6 16. Nf3 c4 17. Bc2 f5 18. Qg3 b5 19. a3 a5 20. h4 Bf6 21. h5 Kf7 22. Qh3 Ke8 23. Ne5 Bxe5 24. dxe5 Kd7 25. Rfd1 Kc7 26. Kf2 Rg8 27. g4 fxg4 28. Qxg4 gxh5 29. Qxh5 d4 30. e4 d3 31. Bxd3 cxd3 32. Rxd3 Bxe4 33. Rd4 Bd5 34. Rad1 Rad8 35. c4 bxc4 36. Ke3 Rg3+ 37. Kf2 Qg7 38. Qh4 Rf3+ 39. Ke1 Qg1+ 40. Kd2 Qxd4+ 41. Kc1 Qxf4+ 0-1